| 000 | 00704nam a22002177a 4500 | ||
|---|---|---|---|
| 005 | 20100814123056.0 | ||
| 010 | _aENG-100293 | ||
| 020 | _c165.00 | ||
| 035 | _aEN-83825 | ||
| 037 | _bDBAD/PUB | ||
| 082 | _a641.503 | ||
| 100 |
_aSaleh,Sarika _914417 |
||
| 245 |
_aRelish cook book for all occasions / _cby Sarika Saleh |
||
| 250 | _b2nd enl ed, | ||
| 260 |
_aAssam _bSarika Saleh _c2009 |
||
| 270 |
_aRajabari Jorhat 14 Assam _bAssam _e14 |
||
| 300 |
_a170p _c21cm(Hb) |
||
| 500 | _aincludes Index | ||
| 942 |
_2ddc _cEN _h641.503 _mSAL |
||
| 999 |
_c41878 _d41878 |
||